| 000 | 00372nam a22001457a 4500 | ||
|---|---|---|---|
| 005 | 20240118112057.0 | ||
| 008 | 240118b |||||||| |||| 00| 0 eng d | ||
| 041 | _aeng | ||
| 100 |
_aKOTHARI, ATUL _98395 |
||
| 245 | _aRASTRIYA SIKSHA BHARTIYA SANKALPNA | ||
| 260 |
_aNEW DELHI _bSHIKSHA SANSKRITI UTTHAN NYAS |
||
| 300 | _a28;P | ||
| 650 |
_aLIFE SKILL _98393 |
||
| 942 | _cBK | ||
| 999 |
_c8479 _d8477 |
||